Pays et villes visités par Tintin - Statistiques

Statistiques générales
  • Ce quiz a été pris 9 fois
  • Le résultat moyen est 20 sur 84
Statistiques - réponses
Lieu Remarque Album Page % Correct
Pays France Le Sceptre d'Ottokar
78%
Pays Rép. Dém. Congo Tintin au Congo
78%
Pays Belgique Tintin au pays des Soviets
67%
Pays États-Unis Tintin en Amérique
67%
Ville Bruxelles Tintin au pays des Soviets 4
67%
Pays Chine Le Lotus Bleu
56%
Pays Royaume-Uni L'Île Noire
56%
Ville Londres Visité hors-champ Vol 714 pour Sydney 1
56%
Pays Italie Tintin et l'Alph-Art
44%
Pays Pérou Le Temple du Soleil
44%
Pays Union Soviétique /Russie Tintin au pays des Soviets
44%
Ville Marseille Destination hors-champ Le Sceptre d'Ottokar 61
44%
Région autonome Tibet Tintin au Tibet 22
44%
Pays Allemagne Tintin au pays des Soviets
33%
Pays Australie Vol 714 pour Sydney
33%
Pays Biélorussie/ Pologne en 1929 Tintin au pays des Soviets
33%
Pays Egypte Les Cigares du Pharaon 1
33%
Pays Inde Les Cigares du Pharaon 1
33%
Pays Islande L'Étoile Mystérieuse
33%
Pays Maroc Le Crabe aux Pinces d'Or
33%
Nation Écosse L'Île Noire
33%
Ville Le Caire Les Cigares du Pharaon 5
33%
Ville Liège Tintin au pays des Soviets 138
33%
Ville Moscou Tintin au pays des Soviets 75
33%
Ville M{oulinsart} Lieu fictif Le Secret de la Licorne 45
33%
Ville Shanghai Le Lotus Bleu 3
33%
Ville Sydney Destination hors-champ Vol 714 pour Sydney 1
33%
Nation Angleterre L'Île Noire
22%
Ville Berlin Tintin au pays des Soviets 3
22%
Pays Népal Tintin au Tibet
22%
Pays Suisse L'Affaire Tournesol
22%
Pays S{yldavie} Lieu fictif Le Sceptre d'Ottokar 2
22%
Ville Chicago Tintin en Amérique 1
22%
Ville Francfort Le Sceptre d'Ottokar 17
22%
Ville Genève L'Affaire Tournesol 12
22%
Ville Naples Tintin et l'Alph-Art 40
22%
Ville Prague Le Sceptre d'Ottokar 2
22%
Ville Akureyri L'Étoile Mystérieuse 27
11%
Ville A{rboujah} Lieu fictif Les Cigares du Pharaon 47
11%
Ville B{agghar} Lieu fictif Le Crabe aux Pinces d'Or 39
11%
Pays B{ordurie} Lieu fictif Le Sceptre d'Ottokar 7
11%
Ville Beyrouth Visité hors-champ Coke en Stock 15
11%
Pays Indonésie Vol 714 pour Sydney
11%
Pays K{hemed} Lieu fictif Tintin au pays de l'Or Noir
11%
Pays Liban Coke en Stock
11%
Pays N{uevo}-{Rico} L'Oreille cassée 31
11%
Pays S{an} {Theodoros} Lieu fictif L'Oreille cassée
11%
Pays Tchécoslovaquie /Tchéquie Le Sceptre d'Ottokar
11%
Ville Callao Le Temple du Soleil 1
11%
Ville C{harahbang} Lieu fictif Tintin au Tibet 52
11%
Ville D{ouma} Lieu fictif Le Sceptre d'Ottokar 61
11%
Ville Douvres L'Île Noire
11%
Ville E{astdown} Lieu fictif L'Île Noire
11%
Ville F{alaizy} Lieu fictif L'Oreille cassée 11
11%
Ville H{asch} {El} {Hemm} Lieu fictif Tintin au pays de l'Or Noir 35
11%
Ville H{ou}-{Kou} Lieu fictif Le Lotus Bleu 36
11%
Ville Ischia Tintin et l'Alph-Art 40
11%
Ville Jakarta Vol 714 pour Sydney 1
11%
Ville J{auga} Lieu fictif Le Temple du Soleil 17
11%
Ville K{alabelou} Lieu fictif Tintin au Congo 50
11%
Ville Katmandou Tintin au Tibet 10
11%
Ville K{hemkhâh} Lieu fictif Tintin au pays de l'Or Noir 16
11%
Ville K{iltoch} Lieu fictif L'Île Noire
11%
Ville K{low} Lieu fictif Le Sceptre d'Ottokar 4
11%
Ville La Rochelle Les Sept Boules de Cristal 59
11%
Ville L{as} {Dopicos} Lieu fictif L'Oreille cassée 16
11%
Ville L{ittlegate} Lieu fictif L'Île Noire
11%
Ville Louvain Tintin au pays des Soviets 138
11%
Ville New Delhi Tintin au Tibet 6
11%
Ville Nyon L'Affaire Tournesol 18
11%
Ville P{alissy} Lieu fictif Les Sept Boules de Cristal 45
11%
Ville Port-Saïd Les Cigares du Pharaon 1
11%
Royaume R{awhajpoutalah} Lieu fictif Les Cigares du Pharaon 51
11%
Ville R{edskincity} Lieu fictif Tintin en Amérique 16
11%
Ville Saint-Nazaire Les Sept Boules de Cristal 55
11%
Ville S{anfacion} Lieu fictif L'Oreille cassée 31
11%
Ville S{anta} {Clara} Lieu fictif / Visité hors-champ Le Temple du Soleil 12
11%
Ville S{brodj} Lieu fictif Objectif Lune 4
11%
Ville Stolbtsy (Stowbtsy) Tintin au pays des Soviets 12
11%
Ville S{zohôd} Lieu fictif L'Affaire Tournesol 43
11%
Ville Tirlemont Tintin au pays des Soviets 138
11%
Ville V{argèse} Lieu fictif Tintin au Tibet 3
11%
Ville W{adesdah} Lieu fictif Coke en Stock 15
11%
Ville Z{lip} Lieu fictif Le Sceptre d'Ottokar 28
11%
Aucun quiz correspondant
Distribution des résultats
% des personnes avec chaque résultat
Percentile par nombre de réponses
Votre historique - résultats
Vous n’avez pas pris ce quiz